| 000 | 00907cam a2200217u 4500 | ||
|---|---|---|---|
| 001 | 000017999 | ||
| 005 | 20200929165318.0 | ||
| 008 | 810304s1958 gw 000 0bger | ||
| 040 |
_aDO-SdBNP _bspa _cBNPHU |
||
| 100 | 1 |
_aHorch, Hans Jurgen _939022 |
|
| 245 | 1 | 0 |
_aAntonio de Castro Alves, 1847-1871 : _bSeine Sklavendichtung und ihre Beziehungen zur Abolition in Brasilien / _cHans Jurgen Horch. |
| 260 |
_aHamburg : _bKommissionsverlag, _c1958. |
||
| 300 |
_a384 p. ; _c25 cm. |
||
| 490 | 1 |
_aHamburger romanistische Studien, _aB. Ibero-amerikanische Reihe _v26 |
|
| 500 | _aIncluye índice | ||
| 500 | _aIncluye referencias bibliográficas y notas al pie de las páginas | ||
| 600 | 2 | 0 |
_aCastro Alves, Antonio de, _d1847-1871. _939023 |
| 650 | 4 |
_aSlavery in literature. _939024 |
|
| 650 | 4 |
_aSlavery _zBrazil. _939025 |
|
| 830 | 0 |
_aHamburger romanistische Studien, _pB. Ibero-amerikanische Reihe, _v26. _939026 |
|
| 999 |
_c17521 _d17521 |
||